000 00499nam a2200181Ia 4500
003 GCL
008 140319s9999 xx 000 0 eng d
040 _aGCL /
_cGCL
082 0 4 _a005.13
_bA T
100 1 _aARNSH, CRAIG
245 1 0 _aTEACH YOURSELF BORLAND C++5 IN 21 DAYS /
_cARNSH, CRAIG
260 _a[S.N] :
_bSAMS PUBLISHING ،
_c1996
300 _a832 P
650 0 4 _aCOMPUTER LANGUAGE
650 0 4 _aC++(COMPUTER PROGRAM LANGUAGE)
650 0 4 _aCOMPUTER - PROGRAMMING
942 _2ddc
_cBK
999 _c13504
_d13504